000 00291nam a22001337a 4500
008 170911b xxu||||| |||| 00| 0 eng d
020 _a9780465015481
041 _aeng
080 _a53
100 _a43
101 _aFIZ
245 _aTHE END OF PHYSICS
_cLINDLEY.D
942 _2udc
_cBK
999 _c27233
_d27233